000 03213cam a22012614i 4500
003 PE-LiUPU
005 20250813185433.0
008 191021s2014 cl rb 000 0 spa d
020 _a8427718861
020 _a9788427718869
035 _a(Sirsi) a252618
040 _aPE-LiUPU
_bspa
_cPE-LiUPU
_erda
049 _aPRUA
082 0 4 _a370.114
_bE2
_221
245 0 0 _aEducación en valores en el ámbito universitario :
_bpropuestas y experiencias /
_ccoordinador, Rosa Ma. Rodríguez Jiménez.
264 1 _aBogotá :bEdiciones de la U,
_c2014.
300 _a188 páginas ;
_c24 centímetros.
336 _atext
_2rdacontent
337 _aunmediated
_2rdamedia
338 _avolume
_2rdacarrier
490 0 _aEducación
504 _aBibliografía: páginas 178-188.
505 0 _aMarco teórico de la educación en valores -- Algunas experiencias que promueven la educación en valores -- La educación en valores desde las organizaciones no gubernamentales (ONG) -- Otras experiencias interdisciplinares de incorporación.
526 _aP202
526 _aP201
526 _aP163
526 _aP162
526 _aP161
526 _aP160
526 _aP148
526 _aP147
526 _aP146
526 _aP145
526 _aP144
526 _aP143
526 _aP142
526 _aP141
526 _aP140
526 _aP139
526 _aP138
526 _aP137
526 _aP136
526 _aP135
526 _aP134
526 _aP133
526 _aP129
526 _aP128
526 _aP127
526 _aP120
526 _aP119
526 _aP118
526 _aP116
526 _aP115
526 _aP114
526 _aP110
526 _aP109
526 _aP108
526 _aP104
526 _aP103
526 _aP102
526 _aP99
526 _aP98
526 _aP97
526 _aP96
526 _aP95
526 _aP93
526 _aP90
526 _aP89
526 _aP88
526 _aP83
526 _aP82
526 _aP62
526 _aP59
526 _aP58
526 _aP57
526 _aP51
526 _aP49
526 _aP48
526 _aP47
526 _aP29
526 _aP24
526 _aP20
526 _aP19
526 _aP17
526 _aP15
526 _aP14
526 _aP12
526 _aP10
526 _aP09
526 _aP08
526 _aP07
526 _aP06
526 _aP05
526 _aP04
526 _aP01
541 _g004-000263;
650 0 4 _aEducación en valores.
650 0 4 _aEtica.
650 0 4 _aDerechos del niño.
650 0 4 _aEducación para la paz.
650 0 7 _aValores sociales
_xEnseñanza superior.
650 0 7 _aEtica
_xEnseñanza superior.
910 _adbm
_bksl
_cksl
_d20191018
942 _2ddc
_cBOOK
994 _aC0
_bPEPRU
596 _a1
999 _a370.114 E2
_wDEWEY
_c31849
_i80859
_f2021-11-8
_g3
_lCCODEBUL1
_mBUL
_p21.63
_r0
_sY
_tBOOK
_u2019-10-21
_xEDUCACION
_PP57
_0COMPRA
_1FCOMPR4
_o.STAFF. Colección Ciencias Humanas y Educación
_d31849
980 _81
_gALBERTO SANCHEZ Responsable de Automatización